[Event "EU-Cup Online Gr-B"]
[Site "Tornelo INT"]
[Date "2021.03.28"]
[Round "5.3"]
[White "Naudion, Gregoire"]
[Black "Rasti, Arvin"]
[Result "1-0"]
[WhiteElo "2146"]
[BlackElo "2195"]
[PlyCount "43"]
[EventDate "2021.03.27"]
[EventType "team-tourn (rapid)"]
[EventRounds "9"]
[EventCountry "NET"]
[SourceTitle "CBM 201 Extra"]
[Source "ChessBase"]
[SourceDate "2021.05.31"]
[SourceVersion "1"]
[SourceVersionDate "2021.05.31"]
[SourceQuality "1"]
[WhiteTeam "Stanislas Echecs"]
[BlackTeam "Pelaro Alingsas"]
[WhiteTeamCountry "FRA"]
[BlackTeamCountry "SWE"]

1. d4 Nf6 2. c4 c5 3. d5 e6 4. Nc3 d6 5. e4 g6 6. f3 Bg7 7. Bg5 0-0 8. Qd2 Re8 9. Nge2 Na6 10. dxe6 Bxe6 11. Nf4 Nc7 12. 0-0-0 Re7 13. e5 Rd7 14. exf6 Bf8 15. Nfd5 Bxd5 16. Nxd5 Ne6 17. h4 Nxg5 18. hxg5 a6 19. g3 b5 20. Rxh7 Kxh7 21. Qh2+ Kg8 22. Bd3 1-0

[Event "Nancy Meurthe rapid 17th"]
[Site "Nancy"]
[Date "2019.02.24"]
[Round "3"]
[White "Brunner, Nicolas"]
[Black "Naudion, Gregoire"]
[Result "1-0"]
[WhiteElo "2427"]
[BlackElo "2148"]
[PlyCount "79"]
[EventDate "2019.02.24"]
[EventType "swiss (rapid)"]
[EventRounds "9"]
[EventCountry "FRA"]
[SourceTitle "CBM 189 Extra"]
[Source "ChessBase"]
[SourceDate "2019.06.03"]
[SourceVersion "1"]
[SourceVersionDate "2019.06.03"]
[SourceQuality "1"]

1. d4 g6 2. c4 Bg7 3. e4 Nc6 4. Nf3 e5 5. Bg5 f6 6. Be3 exd4 7. Nxd4 Nge7 8. Nc3 d6 9. Qd2 0-0 10. 0-0-0 f5 11. f3 f4 12. Nxc6 fxe3 13. Nxe7+ Qxe7 14. Qxe3 a6 15. Kb1 c6 16. Be2 b5 17. Rd2 Be6 18. Rhd1 Rfd8 19. c5 dxc5 20. Rxd8+ Rxd8 21. Rxd8+ Qxd8 22. Qxc5 Qd7 23. Qe3 a5 24. Qd3 Bd4 25. Qd2 a4 26. a3 Qd6 27. f4 b4 28. Nxa4 bxa3 29. bxa3 Bb3 30. Nb2 c5 31. Bc4+ Bxc4 32. Nxc4 Qe6 33. Qe2 Kg7 34. g3 Qa6 35. Ka2 Qa4 36. e5 Qd7 37. Nd6 Qe6+ 38. Qc4 Qxc4+ 39. Nxc4 Bg1 40. a4 1-0

[Event "Bayonne op 2nd"]
[Site "Bayonne"]
[Date "2018.04.29"]
[Round "3"]
[White "Naudion, Gregoire"]
[Black "Velten, Paul"]
[Result "0-1"]
[WhiteElo "2191"]
[BlackElo "2455"]
[PlyCount "74"]
[EventDate "2018.04.28"]
[EventType "swiss"]
[EventRounds "7"]
[EventCountry "FRA"]
[SourceTitle "CBM 184 Extra"]
[Source "ChessBase"]
[SourceDate "2018.06.28"]
[SourceVersion "1"]
[SourceVersionDate "2018.06.28"]
[SourceQuality "1"]

1. d4 Nf6 2. c4 e6 3. g3 d5 4. Nf3 Bb4+ 5. Bd2 Be7 6. Bg2 0-0 7. 0-0 c6 8. Qc2 b6 9. b3 Ba6 10. Rd1 Nbd7 11. Bf4 Rc8 12. Nbd2 c5 13. e4 cxd4 14. exd5 Nxd5 15. Nxd4 Nxf4 16. gxf4 Qc7 17. Ne4 Nf6 18. Nc6 Nxe4 19. Qxe4 Bf6 20. Nb4 Bxa1 21. Nxa6 Qe7 22. Rxa1 Qa3 23. Qb7 Qb2 24. Rd1 Qxa2 25. Rd7 Rcd8 26. Bc6 Rxd7 27. Bxd7 Qxb3 28. Qc7 h5 29. Nb8 h4 30. Nc6 h3 31. Ne7+ Kh7 32. f3 Qe3+ 33. Kf1 Qxf3+ 34. Ke1 Qh1+ 35. Kd2 Qxh2+ 36. Kc3 Qg3+ 37. Kb4 Qe1+ 0-1

[Event "Avoine op 29th"]
[Site "Avoine"]
[Date "2014.07.20"]
[Round "2"]
[White "Naudion, Gregoire"]
[Black "Colin, Vincent"]
[Result "1-0"]
[WhiteElo "2167"]
[BlackElo "2435"]
[PlyCount "109"]
[EventDate "2014.07.19"]
[EventType "swiss"]
[EventRounds "9"]
[EventCountry "FRA"]
[SourceTitle "CBM 161 Extra"]
[Source "ChessBase"]
[SourceDate "2014.08.29"]
[SourceVersion "1"]
[SourceVersionDate "2014.08.29"]
[SourceQuality "1"]

1. d4 Nf6 2. c4 d6 3. Nc3 e5 4. Nf3 e4 5. Nd2 Qe7 6. e3 g6 7. Be2 h5 8. h3 Bg7 9. b4 c5 10. bxc5 dxc5 11. Ba3 Na6 12. Nd5 Nxd5 13. cxd5 Nb4 14. d6 Qe6 15. Bxb4 cxb4 16. Qa4+ Bd7 17. Qxb4 0-0 18. 0-0 Rfb8 19. Bc4 Qf5 20. Qb3 Bc6 21. f3 exf3 22. Nxf3 Bh6 23. Rae1 b5 24. Bxf7+ Qxf7 25. Qxf7+ Kxf7 26. Ne5+ Ke6 27. Nxc6 Rb6 28. e4 Bg7 29. d7 Kxd7 30. Rf7+ Kxc6 31. Rc1+ Kd6 32. Rxg7 Re8 33. Rxg6+ Re6 34. Rxe6+ Kxe6 35. Kf2 Ra6 36. Rc2 Ra3 37. Rd2 Kd6 38. d5 Rc3 39. g4 Rxh3 40. g5 h4 41. g6 Rh2+ 42. Ke3 Rxd2 43. Kxd2 h3 44. g7 h2 45. g8Q h1Q 46. Qb8+ Kc5 47. Qxa7+ Kc4 48. Qe3 b4 49. Qd3+ Kc5 50. d6 Qh2+ 51. Kd1 Qg1+ 52. Kc2 Qg8 53. d7 Qxa2+ 54. Kd1 Qa1+ 55. Kd2 1-0

[Event "Avoine op 29th"]
[Site "Avoine"]
[Date "2014.07.19"]
[Round "1"]
[White "Dupont, Arthur"]
[Black "Naudion, Gregoire"]
[Result "0-1"]
[WhiteElo "1945"]
[BlackElo "2167"]
[PlyCount "106"]
[EventDate "2014.07.19"]
[EventType "swiss"]
[EventRounds "9"]
[EventCountry "FRA"]
[SourceTitle "CBM 161 Extra"]
[Source "ChessBase"]
[SourceDate "2014.08.29"]
[SourceVersion "1"]
[SourceVersionDate "2014.08.29"]
[SourceQuality "1"]

1. d4 g6 2. c4 Bg7 3. Nc3 c5 4. Nf3 cxd4 5. Nxd4 Nc6 6. Nxc6 bxc6 7. g3 Nf6 8. Bg2 0-0 9. 0-0 Rb8 10. Qc2 Qb6 11. e4 d6 12. b3 Qa5 13. Bd2 Qh5 14. Rad1 Bh3 15. Bxh3 Qxh3 16. f3 Qh5 17. Kg2 Nd7 18. Ne2 Qc5 19. Bc3 Bxc3 20. Qxc3 a5 21. Nd4 Rfd8 22. Nc2 e5 23. Qe3 Qxe3 24. Nxe3 Nc5 25. Nc2 Na6 26. Rd3 Kf8 27. Rb1 Ke7 28. Kf2 f5 29. exf5 gxf5 30. Ne3 Ke6 31. g4 fxg4 32. fxg4 Nc5 33. Rdd1 Ne4+ 34. Kf3 Nc3 35. Nf5 d5 36. c5 Rb5 37. Re1 d4 38. Rb2 Rxc5 39. Rd2 Rcd5 40. Ng7+ Kf7 41. Nf5 Re8 42. h4 e4+ 43. Kf4 c5 44. h5 e3 45. Rd3 Nxa2 46. g5 Nb4 47. Rdd1 e2 48. Ra1 Nd3+ 49. Kg4 Rxf5 50. Kxf5 Nxe1 51. g6+ hxg6+ 52. hxg6+ Kg8 53. Rxe1 d3 0-1

[Event "Avoine op 28th"]
[Site "Avoine"]
[Date "2013.07.20"]
[Round "1"]
[White "Dessenne, Francois"]
[Black "Naudion, Gregoire"]
[Result "0-1"]
[WhiteElo "2017"]
[BlackElo "2211"]
[PlyCount "58"]
[EventDate "2013.07.20"]
[EventType "swiss"]
[EventRounds "9"]
[EventCountry "FRA"]
[SourceTitle "CBM 155 Extra"]
[Source "ChessBase"]
[SourceDate "2013.08.26"]
[SourceVersion "1"]
[SourceVersionDate "2013.08.26"]
[SourceQuality "1"]

1. e4 d6 2. d4 Nf6 3. Nc3 Nbd7 4. Nf3 e5 5. Bc4 Be7 6. 0-0 0-0 7. a4 a6 8. h3 b6 9. Be3 Bb7 10. d5 Kh8 11. Nh2 c6 12. Ng4 b5 13. axb5 cxb5 14. Bd3 Nxg4 15. hxg4 Bg5 16. Qd2 Bxe3 17. Qxe3 Qh4 18. f3 g6 19. Ne2 f6 20. g3 Qg5 21. Kf2 Nc5 22. Qxg5 fxg5 23. Ke3 Kg7 24. f4 exf4+ 25. gxf4 Rae8 26. b4 Nxe4 27. Bxe4 Bxd5 28. Nc3 Bxe4 29. Nxe4 d5 0-1

[Event "FRA-ch Accession"]
[Site "Pau"]
[Date "2012.08.24"]
[Round "10"]
[White "Naudion, Gregoire"]
[Black "Saada, Julien"]
[Result "1/2-1/2"]
[WhiteElo "2175"]
[BlackElo "2315"]
[PlyCount "91"]
[EventDate "2012.08.14"]
[EventType "swiss"]
[EventRounds "11"]
[EventCountry "FRA"]
[SourceTitle "CBM 150 Extra"]
[Source "ChessBase"]
[SourceDate "2012.10.19"]
[SourceVersion "1"]
[SourceVersionDate "2012.10.19"]
[SourceQuality "1"]

1. e4 c6 2. d4 d5 3. exd5 cxd5 4. c4 Nf6 5. Nc3 g6 6. cxd5 Nxd5 7. Bc4 Nb6 8. Bb3 Bg7 9. Nf3 0-0 10. h3 Nc6 11. d5 Na5 12. 0-0 Nxb3 13. Qxb3 Bxc3 14. bxc3 Qxd5 15. Rd1 Qxb3 16. axb3 Bf5 17. Nd4 Rfd8 18. Re1 Rd7 19. Nxf5 gxf5 20. Ra5 e6 21. g4 fxg4 22. Rg5+ Kh8 23. c4 f6 24. Rxg4 Rg8 25. c5 Nc8 26. Rxe6 Re7 27. Rxe7 Nxe7 28. Bb2 Nd5 29. Kf1 Rxg4 30. hxg4 Kg8 31. Ke2 Kf7 32. Kd3 Ke6 33. Ke4 Ne7 34. f3 a6 35. Bc3 f5+ 36. Kd4 fxg4 37. fxg4 Nd5 38. Bd2 Nf6 39. g5 Nd5 40. Ke4 Ne7 41. Be1 Nc6 42. Bc3 Nd8 43. Bd2 Nc6 44. Bc3 Nd8 45. Bd2 Nc6 46. Bc3 1/2-1/2

[Event "Le Port Marly Paribas blitz op"]
[Site "Le Port Marly"]
[Date "2012.06.16"]
[Round "9.2"]
[White "Naudion, Gregoire"]
[Black "Bauer, Christian"]
[Result "0-1"]
[WhiteElo "2220"]
[BlackElo "2740"]
[PlyCount "52"]
[EventDate "2012.06.18"]
[EventType "swiss (blitz)"]
[EventRounds "13"]
[EventCountry "FRA"]
[SourceTitle "EXT 2014"]
[Source "ChessBase"]
[SourceDate "2013.11.20"]
[SourceVersion "1"]
[SourceVersionDate "2013.11.20"]
[SourceQuality "1"]

1. e4 d5 2. exd5 Qxd5 3. Nc3 Qa5 4. g3 Nf6 5. Bg2 Bg4 6. Nge2 Nc6 7. h3 Bh5 8. 0-0 0-0-0 9. d3 e6 10. Be3 Bb4 11. Ne4 Nxe4 12. Bxe4 f5 13. Bg2 Ne5 14. a3 Be7 15. b4 Qa4 16. g4 fxg4 17. Ng3 g6 18. Bf4 gxh3 19. Nxh5 hxg2 20. Kxg2 Qc6+ 21. f3 gxh5 22. Bxe5 Rhg8+ 23. Kh1 Rd5 24. Qe2 Bd6 25. Bxd6 Qxd6 26. c4 Rd4 0-1

[Event "Le Port Marly Paribas blitz op"]
[Site "Le Port Marly"]
[Date "2012.06.16"]
[Round "3.2"]
[White "Naudion, Gregoire"]
[Black "Guliyev, Namig"]
[Result "0-1"]
[WhiteElo "2220"]
[BlackElo "2690"]
[PlyCount "60"]
[EventDate "2012.06.18"]
[EventType "swiss (blitz)"]
[EventRounds "13"]
[EventCountry "FRA"]
[SourceTitle "EXT 2014"]
[Source "ChessBase"]
[SourceDate "2013.11.20"]
[SourceVersion "1"]
[SourceVersionDate "2013.11.20"]
[SourceQuality "1"]

1. e4 c5 2. Nf3 d6 3. d4 cxd4 4. Nxd4 Nf6 5. Nc3 a6 6. Be2 e6 7. 0-0 Qc7 8. Be3 b5 9. Bf3 Bb7 10. a3 Nbd7 11. Re1 Ne5 12. Nb3 Be7 13. Bf4 0-0 14. Bxe5 dxe5 15. g3 Rac8 16. Qe2 Qb6 17. Rad1 Bc6 18. Rd2 a5 19. Red1 b4 20. axb4 Bxb4 21. Rd3 a4 22. Nd2 Qc5 23. Qe3 Rb8 24. Qxc5 Bxc5 25. Nc4 Bd4 26. Ne2 Bxb2 27. c3 Bxe4 28. Bxe4 Nxe4 29. Nxe5 Nc5 30. Rd6 a3 0-1

[Event "Bethune op 32th"]
[Site "Bethune"]
[Date "2011.12.27"]
[Round "3.4"]
[White "Thejkumar, MS."]
[Black "Naudion, Gregoire"]
[Result "1-0"]
[WhiteElo "2452"]
[BlackElo "2129"]
[PlyCount "57"]
[EventDate "2011.12.26"]
[EventType "swiss"]
[EventRounds "9"]
[EventCountry "FRA"]
[SourceTitle "EXT 2014"]
[Source "ChessBase"]
[SourceDate "2013.11.20"]
[SourceVersion "1"]
[SourceVersionDate "2013.11.20"]
[SourceQuality "1"]

1. d4 g6 2. c4 Bg7 3. Nf3 Nf6 4. Nc3 0-0 5. e4 d6 6. Be2 e5 7. 0-0 Nbd7 8. Be3 Ng4 9. Bg5 f6 10. Bc1 Nh6 11. Rb1 exd4 12. Nxd4 Nc5 13. Be3 Ne6 14. Qd2 Nxd4 15. Bxd4 Ng4 16. Rbd1 Be6 17. Qc2 Qe7 18. h3 Ne5 19. Nd5 Qf7 20. f4 Nc6 21. Bc3 f5 22. Bf3 Rac8 23. Rfe1 Nb8 24. Bxg7 Qxg7 25. e5 c6 26. Nf6+ Rxf6 27. exf6 Qxf6 28. Rxd6 Qf7 29. Qd2 1-0

[Event "Avoine op 26th"]
[Site "Avoine"]
[Date "2011.07.26"]
[Round "4"]
[White "Naudion, Gregoire"]
[Black "Monpeurt, Fabien"]
[Result "1-0"]
[WhiteElo "2051"]
[BlackElo "1868"]
[PlyCount "77"]
[EventDate "2011.07.23"]
[EventType "swiss"]
[EventRounds "9"]
[EventCountry "FRA"]
[SourceTitle "EXT 2012"]
[Source "ChessBase"]
[SourceDate "2011.11.24"]
[SourceVersion "1"]
[SourceVersionDate "2011.11.24"]
[SourceQuality "1"]

1. e4 e5 2. Nf3 Nc6 3. Bc4 Bc5 4. c3 Nf6 5. d4 exd4 6. e5 d5 7. Bb5 Ne4 8. cxd4 Bb4+ 9. Bd2 Bxd2+ 10. Nbxd2 0-0 11. Bxc6 bxc6 12. Qc2 Nxd2 13. Nxd2 Qg5 14. Qxc6 Qxg2 15. 0-0-0 Be6 16. f4 Qf2 17. Rhf1 Qxd4 18. f5 Rab8 19. Nb3 Qe3+ 20. Kb1 Qe4+ 21. Qc2 Bc8 22. Qxe4 dxe4 23. Nc5 Rb5 24. e6 fxe6 25. fxe6 Bxe6 26. Nxe6 Rfb8 27. b3 e3 28. Rfe1 Re5 29. Rd8+ Rxd8 30. Nxd8 a6 31. Nc6 Re6 32. Nb4 e2 33. Nd3 Rd6 34. Nc1 Re6 35. Rxe2 Rd6 36. Rc2 c6 37. b4 g5 38. Nb3 Kf7 39. Nc5 1-0

[Event "Avoine op 25th"]
[Site "Avoine"]
[Date "2010.07.20"]
[Round "4"]
[White "Naudion, Gregoire"]
[Black "Chabeaud, Jean Jacques"]
[Result "1/2-1/2"]
[WhiteElo "2049"]
[BlackElo "1823"]
[PlyCount "82"]
[EventDate "2010.07.17"]
[EventType "swiss"]
[EventRounds "9"]
[EventCountry "FRA"]
[SourceTitle "EXT 2011"]
[Source "ChessBase"]
[SourceDate "2010.11.26"]
[SourceVersion "1"]
[SourceVersionDate "2010.11.26"]
[SourceQuality "1"]

1. e4 e6 2. d4 d5 3. Nd2 Nf6 4. e5 Nfd7 5. Bd3 c5 6. c3 Nc6 7. Ngf3 cxd4 8. cxd4 Qb6 9. 0-0 Nxd4 10. Nxd4 Qxd4 11. Nf3 Qb6 12. Rb1 Be7 13. Be3 Qd8 14. Qa4 0-0 15. Qg4 f5 16. Qg3 Nc5 17. Bc2 Bd7 18. Rfc1 a5 19. Bxf5 exf5 20. Bxc5 Bxc5 21. Rxc5 f4 22. Qg5 Qxg5 23. Nxg5 Bf5 24. Rd1 h6 25. Nf3 Be4 26. Nd4 Rfc8 27. Rdc1 Rxc5 28. Rxc5 Bb1 29. a3 Ba2 30. b3 a4 31. b4 Bc4 32. f3 Re8 33. e6 g6 34. Rc7 g5 35. g3 fxg3 36. hxg3 Kf8 37. Rf7+ Kg8 38. Kf2 Rxe6 39. Nxe6 Kxf7 40. Nd4 Kf6 41. Ke3 Ke5 1/2-1/2

[Event "Avoine op 25th"]
[Site "Avoine"]
[Date "2010.07.17"]
[Round "1"]
[White "Drenchev, Petar"]
[Black "Naudion, Gregoire"]
[Result "1-0"]
[WhiteElo "2514"]
[BlackElo "2049"]
[PlyCount "73"]
[EventDate "2010.07.17"]
[EventType "swiss"]
[EventRounds "9"]
[EventCountry "FRA"]
[SourceTitle "EXT 2011"]
[Source "ChessBase"]
[SourceDate "2010.11.26"]
[SourceVersion "1"]
[SourceVersionDate "2010.11.26"]
[SourceQuality "1"]

1. c4 Nf6 2. Nc3 g6 3. e4 d6 4. d4 Bg7 5. Bd3 0-0 6. Nge2 e5 7. d5 Na6 8. 0-0 Nc5 9. Bc2 a5 10. Rb1 Nh5 11. a3 f5 12. exf5 gxf5 13. f3 Bf6 14. b4 Na6 15. Kh1 Kh8 16. Qd3 Qe7 17. f4 e4 18. Qh3 Qf7 19. Be3 Rg8 20. Bd4 Bd7 21. Ba4 Bxa4 22. Nxa4 Rg4 23. Bxf6+ Nxf6 24. bxa5 c6 25. Qc3 Rag8 26. g3 R4g6 27. dxc6 bxc6 28. Rb6 Nb8 29. a6 Rh6 30. Qb2 Nbd7 31. Rb7 Qxc4 32. Rxd7 Qxa4 33. Rxd6 Rf8 34. Rc1 e3 35. Kg1 Qe4 36. Nc3 Qc4 37. Nd5 1-0

[Event "FRA-ch U18"]
[Site "Troyes"]
[Date "2010.04.13"]
[Round "4"]
[White "Naudion, Gregoire"]
[Black "Dionisi, Thomas"]
[Result "0-1"]
[WhiteElo "2026"]
[BlackElo "2142"]
[PlyCount "152"]
[EventDate "2010.04.11"]
[EventType "swiss"]
[EventRounds "9"]
[EventCountry "FRA"]
[SourceTitle "EXT 2012"]
[Source "ChessBase"]
[SourceDate "2011.11.24"]
[SourceVersion "1"]
[SourceVersionDate "2011.11.24"]
[SourceQuality "1"]

1. e4 c5 2. Nf3 Nc6 3. d4 cxd4 4. Nxd4 e5 5. Nb5 d6 6. N1c3 a6 7. Na3 b5 8. Nd5 Nge7 9. Bg5 h6 10. Bh4 Qa5+ 11. c3 Nxd5 12. Qxd5 Qc7 13. Qd2 Be6 14. Nc2 Be7 15. Bg3 0-0 16. Be2 Bg5 17. f4 exf4 18. h4 Bf6 19. Bxf4 Ne5 20. 0-0-0 Rfd8 21. Nb4 a5 22. Nd5 Bxd5 23. Qxd5 a4 24. g4 g5 25. Bxe5 dxe5 26. Qxb5 a3 27. Qc4 Qb6 28. Rxd8+ Rxd8 29. bxa3 gxh4 30. Kc2 Bg5 31. Rd1 Rxd1 32. Bxd1 h3 33. Qc8+ Kg7 34. Qf5 Qd6 35. Qf2 Qxa3 36. Kd3 Bf4 37. Bb3 h2 38. Qh4 Qa6+ 39. Bc4 Qb6 40. Kc2 Qf6 41. Qh3 Qd6 42. Bd5 Qf6 43. Bc4 Bg3 44. Bf1 Qf4 45. Bg2 Qf2+ 46. Kb3 Bf4 47. Qf3 Qb6+ 48. Kc2 Qa5 49. Kb3 Qb5+ 50. Kc2 Qc4 51. Kb2 Qc5 52. Bh1 Qg1 53. Qg2 Qc1+ 54. Kb3 Bd2 55. Qf3 Bxc3 56. Qxc3 Qxh1 57. Qxe5+ Kh7 58. Qf5+ Kg8 59. Qc8+ Kg7 60. Qc3+ Kh7 61. Qf6 Qd1+ 62. Ka3 Qd3+ 63. Kb2 Qb5+ 64. Kc3 Qg5 65. Qf3 Qe5+ 66. Kd3 Kg7 67. Qg2 Qf4 68. Qb2+ Kg6 69. Qg2 Kg5 70. e5 Qxe5 71. a4 Kh4 72. Qb7 Qg3+ 73. Kc2 Qf2+ 74. Kb3 Kg3 75. Kc4 Qf3 76. Qb8+ Qf4+ 0-1

[Event "FRA-ch op-B"]
[Site "Nimes"]
[Date "2009.08.20"]
[Round "9"]
[White "Masset, Jacques"]
[Black "Naudion, Gregoire"]
[Result "1/2-1/2"]
[WhiteElo "1946"]
[BlackElo "1926"]
[PlyCount "22"]
[EventDate "2009.08.11"]
[EventType "swiss"]
[EventRounds "11"]
[EventCountry "FRA"]
[SourceTitle "EXT 2011"]
[Source "ChessBase"]
[SourceDate "2010.11.26"]
[SourceVersion "1"]
[SourceVersionDate "2010.11.26"]
[SourceQuality "1"]

1. c4 Nf6 2. Nc3 g6 3. e4 d6 4. Nge2 c5 5. g3 Bg7 6. Bg2 0-0 7. 0-0 Nc6 8. d3 e5 9. h3 Be6 10. f4 Qc8 11. Kh2 Rb8 1/2-1/2

[Event "FRA-ch op-B"]
[Site "Nimes"]
[Date "2009.08.19"]
[Round "8"]
[White "Naudion, Gregoire"]
[Black "Sola, Flavien"]
[Result "1-0"]
[WhiteElo "1926"]
[BlackElo "1870"]
[PlyCount "85"]
[EventDate "2009.08.11"]
[EventType "swiss"]
[EventRounds "11"]
[EventCountry "FRA"]
[SourceTitle "EXT 2011"]
[Source "ChessBase"]
[SourceDate "2010.11.26"]
[SourceVersion "1"]
[SourceVersionDate "2010.11.26"]
[SourceQuality "1"]

1. e4 e5 2. Nf3 Nc6 3. d4 exd4 4. Bc4 Nf6 5. e5 d5 6. Bb5 Ne4 7. Nxd4 Bd7 8. Bxc6 bxc6 9. 0-0 Be7 10. c3 a5 11. f3 Nc5 12. f4 Ne4 13. Be3 c5 14. Nb3 Bb5 15. Rf3 a4 16. N3d2 d4 17. cxd4 Nxd2 18. Qxd2 cxd4 19. Qxd4 Qxd4 20. Bxd4 Rd8 21. Nc3 Ba6 22. Be3 a3 23. bxa3 h5 24. Na4 Bb7 25. Rff1 Bxa3 26. Bc5 Ra8 27. Bxa3 Rxa4 28. Rfb1 Kd7 29. Rxb7 Rxa3 30. Rd1+ Kc8 31. Rb2 Rd8 32. Rb8+ Kxb8 33. Rxd8+ Kb7 34. Rd7 Kc8 35. Rxf7 c5 36. e6 Kd8 37. Rd7+ Ke8 38. Rxg7 c4 39. Rc7 c3 40. f5 Kd8 41. e7+ Ke8 42. f6 Ra6 43. Rc8+ 1-0

[Event "FRA-ch op-B"]
[Site "Nimes"]
[Date "2009.08.13"]
[Round "3"]
[White "Naudion, Gregoire"]
[Black "Domenech, Vianney"]
[Result "1/2-1/2"]
[WhiteElo "1926"]
[BlackElo "1984"]
[PlyCount "43"]
[EventDate "2009.08.11"]
[EventType "swiss"]
[EventRounds "11"]
[EventCountry "FRA"]
[SourceTitle "EXT 2011"]
[Source "ChessBase"]
[SourceDate "2010.11.26"]
[SourceVersion "1"]
[SourceVersionDate "2010.11.26"]
[SourceQuality "1"]

1. e4 d5 2. exd5 Qxd5 3. Nc3 Qa5 4. g3 Nf6 5. Bg2 Nc6 6. h3 Bf5 7. Nge2 0-0-0 8. 0-0 e5 9. d3 e4 10. d4 Bc5 11. Be3 Bxd4 12. Bxd4 Nxd4 13. Nxd4 Qe5 14. Ncb5 Kb8 15. c3 c5 16. Qa4 a6 17. Nc6+ bxc6 18. Na3 Qc7 19. Nc4 Ka7 20. Qa3 Rd5 21. Ne3 Re5 22. Nc4 1/2-1/2

[Event "FRA-ch U14"]
[Site "Le Grand Bornand"]
[Date "2007.04.??"]
[Round "2"]
[White "Naudion, Gregoire"]
[Black "Fevre, Mathieu"]
[Result "0-1"]
[WhiteElo "1859"]
[BlackElo "1968"]
[PlyCount "80"]
[EventDate "2007.04.07"]
[EventType "swiss"]
[EventRounds "9"]
[EventCountry "FRA"]
[SourceTitle "CBM 118 Extra"]
[Source "ChessBase"]
[SourceDate "2007.07.04"]
[SourceVersion "1"]
[SourceVersionDate "2007.07.04"]
[SourceQuality "1"]

1. e4 c5 2. Nf3 d6 3. d4 cxd4 4. Nxd4 Nf6 5. Nc3 g6 6. Be3 Bg7 7. f3 0-0 8. Bc4 Nc6 9. 0-0 Bd7 10. Qd2 Rc8 11. Bb3 a6 12. a4 Na5 13. Bh6 Nc4 14. Bxc4 Rxc4 15. Nb3 b5 16. Bxg7 Kxg7 17. axb5 axb5 18. Rfe1 Qb6+ 19. Kh1 e6 20. Red1 b4 21. Ne2 e5 22. Rab1 Rxe4 23. Ng3 Rc4 24. c3 Ba4 25. Nf5+ Kh8 26. Qh6 Rg8 27. Nxd6 Rc7 28. Qg5 Ne8 29. Qxe5+ f6 30. Qe6 Qc6 31. Nf7+ Kg7 32. Qxc6 Rxc6 33. Rd7 Rxc3 34. bxc3 Bxd7 35. Na5 Bf5 36. Rxb4 Kxf7 37. Rb7+ Kf8 38. g4 Bc8 39. Rb8 Nd6 40. Ra8 Ke7 0-1

[Event "Saint Affrique op 15th"]
[Site "Saint Affrique"]
[Date "2007.??.??"]
[Round "1"]
[White "Naudion, Gregoire"]
[Black "Collas, Didier"]
[Result "0-1"]
[WhiteElo "1842"]
[BlackElo "2458"]
[PlyCount "70"]
[EventDate "2007.07.21"]
[EventType "swiss"]
[EventRounds "9"]
[EventCountry "FRA"]
[SourceTitle "CBM 119 Extra"]
[Source "ChessBase"]
[SourceDate "2007.09.04"]
[SourceVersion "1"]
[SourceVersionDate "2007.09.04"]
[SourceQuality "1"]

1. e4 c6 2. d4 d5 3. exd5 cxd5 4. c4 Nf6 5. Nc3 g6 6. Nf3 Bg7 7. Bd3 Nc6 8. h3 0-0 9. 0-0 b6 10. Bg5 dxc4 11. Bxc4 Bb7 12. a3 Rc8 13. Ba2 Qd6 14. Qd2 Rfd8 15. Rad1 e6 16. d5 exd5 17. Nxd5 Ne4 18. Qe3 Nxg5 19. Nxg5 Qe5 20. Qxe5 Bxe5 21. b4 Kg7 22. Ne3 Rxd1 23. Rxd1 Rd8 24. Nxf7 Rxd1+ 25. Nxd1 Bc7 26. Nc3 Nd4 27. Nd5 Bxd5 28. Bxd5 h6 29. a4 a6 30. Kf1 g5 31. g3 b5 32. f4 gxf4 33. axb5 axb5 34. gxf4 Nc2 35. Ne5 Ne3+ 0-1